Memorandum to Parliament By the Hon. Minister for Health - Change Order on the Contract between the Government of the Republic of Ghana (Represented by the Ministry of Health) and Contracta Construction UK Limited for the Completion and Equipment of Komfo Anokye Teaching Hospital (KATH) Maternity and Children Block (Record no. 4503)

MARC details
000 -LEADER
fixed length control field 01071nam a22001817a 4500
003 - CONTROL NUMBER IDENTIFIER
control field OSt
005 - DATE AND TIME OF LATEST TRANSACTION
control field 20250806150650.0
008 - FIXED-LENGTH DATA ELEMENTS--GENERAL INFORMATION
fixed length control field 240918b |||||||| |||| 00| 0 eng d
041 ## - LANGUAGE CODE
Language code of text/sound track or separate title English
082 ## - DEWEY DECIMAL CLASSIFICATION NUMBER
Classification number PM/COC/21 Acc No: 9857
100 ## - MAIN ENTRY--PERSONAL NAME
Personal name Hon. Kwaku Agyemang Manu (Minister for Health
110 ## - MAIN ENTRY--CORPORATE NAME
Corporate name or jurisdiction name as entry element Ministry of Health
245 ## - TITLE STATEMENT
Title Memorandum to Parliament By the Hon. Minister for Health - Change Order on the Contract between the Government of the Republic of Ghana (Represented by the Ministry of Health) and Contracta Construction UK Limited for the Completion and Equipment of Komfo Anokye Teaching Hospital (KATH) Maternity and Children Block
260 ## - PUBLICATION, DISTRIBUTION, ETC.
Place of publication, distribution, etc. Accra;
Name of publisher, distributor, etc. Parliament of Ghana,
Date of publication, distribution, etc. 2021
300 ## - PHYSICAL DESCRIPTION
Extent 5p
653 ## - INDEX TERM--UNCONTROLLED
Uncontrolled term 1.Memorandum to Parliament By the Hon. Minister for Health 2. Change Order 3. Contract between the Government of the Republic of Ghana (Represented by the Ministry of Health) and Contracta Construction UK Limited 4. Completion and Equipment of Komfo Anokye Teaching Hospital (KATH) Maternity and Children Block
942 ## - ADDED ENTRY ELEMENTS (KOHA)
Source of classification or shelving scheme Dewey Decimal Classification
Koha item type Memorandum
Suppress in OPAC No
Holdings
Withdrawn status Lost status Source of classification or shelving scheme Damaged status Not for loan Home library Current library Shelving location Date acquired Total checkouts Full call number Date last seen Copy number Price effective from Koha item type
    Dewey Decimal Classification     Main Library Main Library Open Shelves 06/08/2025   PM/COC/21 Acc No. 9857 06/08/2025 1 06/08/2025 Memorandum
©2026  Parliament of Ghana Library - All rights reserved